00672nam a2200157 a 4500008004100000020001500041050001500056100002200071245007000093246004700163260005500210350000900265995010100274999001700375952012200392120416s0000 ||||||||||||||||| || u a0852969376 aTL 586 Avi aMahapatra, Pravas10aAviation weather surveillance systemscedited by Pravas Mahapatra aadvanced radar and surface sensors you ... aHertsbThe Institute of Electrical Engineersc1999 a0.00 D0.00FCBU-MAIN LIBRARY (Kitwe)H1I19.99M1UAVAILABLEWJul 6, 2006ZAnnex Low-Usage Collection  c35365d35365 00102lcc4070a001b001cAnnex Low-Usage Collection d2022-11-30l0oTL 586 Avip46410r2022-11-30w2022-11-30y002